Ανθολόγιο χρονογραφημάτων : Δημοκράτης 1928-1930
Αποθηκεύτηκε σε:
| Κύριος συγγραφέας: | |
|---|---|
| Μορφή: | Βιβλίο |
| Γλώσσα: | Greek |
| Δημοσίευση: |
Μυτιλήνη :
Εντελέχεια,
2010.
|
| Θέματα: | |
| Ετικέτες: |
Προσθήκη ετικέτας
Δεν υπάρχουν, Καταχωρήστε ετικέτα πρώτοι!
|
MARC
| LEADER | 00000cam a2200000 a 4500 | ||
|---|---|---|---|
| 001 | 1/111755 | ||
| 008 | 160908s2010####gr | ||| |||| ||gre|| | ||
| 020 | |a 9789607886163 | ||
| 040 | |a GR-MyUa |b gre |c GR-MyUa |e AACR2 | ||
| 041 | 0 | |a gre | |
| 082 | 7 | |a 889.3 |2 (23) | |
| 100 | 1 | |a Καλάργαλης, Αριστείδης. | |
| 245 | 1 | 0 | |a Ανθολόγιο χρονογραφημάτων : |b Δημοκράτης 1928-1930 / |c Αριστείδης Καλάργαλης. |
| 260 | |a Μυτιλήνη : |b Εντελέχεια, |c 2010. | ||
| 300 | |a 174 σ. ; |c 21 εκ. | ||
| 500 | |a Συμβολή στη Λεσβιακή Γραμματεία, τόμος πρώτος. | ||
| 504 | |a Περιλαμβάνει ευρετήριο. | ||
| 650 | 0 | |a Short stories, Greek (Modern) |z Greece |z Lesbos (Municipality) | |
| 650 | 0 | |a Newspapers |x Sections, columns, etc. |x Short stories, Greek (Modern) | |
| 852 | |a INST |b LESVOS |e 20160908 |h 889.3 ΚΑΛ |p 005100058334 |q 005100058334 |t BK |y 0 | ||
| 970 | |a Τζαφέρη |b Ευαγγελία |z 08-09-2016 | ||